[Event "TUR-ch U07/12 Girls"]
[Site "Antalya"]
[Date "2023.01.28"]
[Round "9"]
[White "Torun, Selin"]
[Black "Eroglu, Ilgin Deniz"]
[Result "1-0"]
[WhiteElo "1308"]
[BlackElo "1098"]
[PlyCount "81"]
[EventDate "2023.01.17"]
[EventType "swiss"]
[EventRounds "9"]
[EventCountry "TUR"]
[SourceTitle "EXT 2024"]
[Source "ChessBase"]
[SourceDate "2023.10.10"]
[SourceVersion "1"]
[SourceVersionDate "2023.10.10"]
[SourceQuality "1"]

1. e4 c5 2. Nc3 Nc6 3. Bb5 g6 4. Bxc6 dxc6 5. d3 Bg7 6. f4 e6 7. Nf3 Ne7 8. 0-0 0-0 9. Qe1 f5 10. Be3 b6 11. Qh4 Re8 12. Rad1 fxe4 13. dxe4 Qc7 14. Bf2 Ba6 15. Ng5 h6 16. Nxe6 Qc8 17. Nxg7 Kxg7 18. Rfe1 Bc4 19. b4 Ng8 20. bxc5 bxc5 21. Bxc5 Bf7 22. e5 Qf5 23. Ne4 Reb8 24. Bd4 Be6 25. Nc5 Rb4 26. Bc3 Rc4 27. Nxe6+ Qxe6 28. Rd6 Qf5 29. Ba1 Rxf4 30. e6+ Nf6 31. Bxf6+ Qxf6 32. Rd7+ Kg8 33. Qxh6 Rh4 34. Qe3 Re8 35. e7 Rh7 36. Rd8 Rhxe7 37. Rxe8+ Rxe8 38. Qxe8+ Kg7 39. Qe7+ Qxe7 40. Rxe7+ Kf6 41. Rxa7 1-0

[Event "TUR-ch U07/12 Girls"]
[Site "Antalya"]
[Date "2023.01.26"]
[Round "7"]
[White "Uygun, Alara"]
[Black "Torun, Selin"]
[Result "1/2-1/2"]
[WhiteElo "1160"]
[BlackElo "1308"]
[PlyCount "44"]
[EventDate "2023.01.17"]
[EventType "swiss"]
[EventRounds "9"]
[EventCountry "TUR"]
[SourceTitle "EXT 2024"]
[Source "ChessBase"]
[SourceDate "2023.10.10"]
[SourceVersion "1"]
[SourceVersionDate "2023.10.10"]
[SourceQuality "1"]

1. e4 e6 2. Nf3 d5 3. Nc3 d4 4. Ne2 c5 5. Ng3 Nf6 6. Bb5+ Bd7 7. Bxd7+ Nbxd7 8. d3 Be7 9. 0-0 0-0 10. Re1 Qc7 11. Qe2 b5 12. b3 a5 13. Bd2 Rfc8 14. e5 Nd5 15. Qe4 Qd8 16. Qg4 Qf8 17. Ne4 Rc6 18. Qh3 h6 19. Re2 Rac8 20. Rae1 Nc7 21. Qg3 Kh7 22. c3 dxc3 1/2-1/2

[Event "TUR-ch U07/12 Girls"]
[Site "Antalya"]
[Date "2023.01.24"]
[Round "4"]
[White "Torun, Selin"]
[Black "Bogday, Gunes"]
[Result "0-1"]
[WhiteElo "1308"]
[BlackElo "1134"]
[PlyCount "92"]
[EventDate "2023.01.17"]
[EventType "swiss"]
[EventRounds "9"]
[EventCountry "TUR"]
[SourceTitle "EXT 2024"]
[Source "ChessBase"]
[SourceDate "2023.10.10"]
[SourceVersion "1"]
[SourceVersionDate "2023.10.10"]
[SourceQuality "1"]

1. c4 e5 2. Nc3 Nf6 3. g3 d5 4. cxd5 Nxd5 5. Bg2 Nb6 6. d3 Be7 7. Nf3 Nc6 8. 0-0 0-0 9. a3 Be6 10. b4 a5 11. b5 Nd4 12. Nxd4 exd4 13. Ne4 a4 14. Nd2 Nd5 15. Bb2 Nc3 16. Bxc3 dxc3 17. Nc4 Bf6 18. Rc1 Qc8 19. Ne3 Rd8 20. Qe1 Ra5 21. Nd1 Rxb5 22. Nxc3 Bxc3 23. Qxc3 c6 24. Rb1 Rb3 25. Rxb3 axb3 26. Qb4 c5 27. Qb6 Rd7 28. Rc1 Qc7 29. Qxc5 b2 30. Qxc7 Rxc7 31. Rxc7 b1Q+ 32. Bf1 Bh3 33. Rc8+ Bxc8 34. Kg2 Bh3+ 35. Kxh3 Qxf1+ 36. Kg4 Qxe2+ 37. f3 Qxd3 38. f4 Qxa3 39. Kh3 b5 40. Kg4 b4 41. Kh3 b3 42. Kg4 b2 43. Kh3 b1Q 44. Kh4 Qg6 45. Kh3 Qf3 46. Kh4 Qgh5# 0-1

[Event "EU-ch U10 Girls 30th"]
[Site "Antalya"]
[Date "2022.11.10"]
[Round "5"]
[White "Abak, Tuana"]
[Black "Torun, Selin"]
[Result "0-1"]
[WhiteElo "1406"]
[BlackElo "1226"]
[PlyCount "102"]
[EventDate "2022.11.06"]
[EventType "swiss"]
[EventRounds "9"]
[EventCountry "TUR"]
[SourceTitle "CBM 211 Extra"]
[Source "ChessBase"]
[SourceDate "2023.01.31"]
[SourceVersion "1"]
[SourceVersionDate "2023.01.31"]
[SourceQuality "1"]

1. e4 e6 2. d4 d5 3. e5 c5 4. dxc5 Bxc5 5. Qg4 Bf8 6. Nf3 Nc6 7. Bd3 Bd7 8. c3 Nge7 9. 0-0 Ng6 10. Re1 Be7 11. b4 a6 12. Nbd2 b5 13. Nb3 Rc8 14. Bd2 Kf8 15. Qh3 Kg8 16. Qh5 Qe8 17. Rac1 f6 18. exf6 Bxf6 19. Nc5 Nce5 20. Be2 Nxf3+ 21. Bxf3 Nf8 22. Qh3 Qf7 23. Nxa6 Ra8 24. Nc5 Rxa2 25. Bf4 Ra3 26. Be5 Bxe5 27. Rxe5 Ng6 28. Nxd7 Nxe5 29. Nxe5 Qe7 30. Bxd5 g6 31. Bxe6+ Kg7 32. Nc6 Qf6 33. Rd1 Rf8 34. Rd7+ Rf7 35. Rxf7+ Qxf7 36. f3 Qf4 37. Kf2 Qd2+ 38. Kg3 Qd6+ 39. Kf2 Qxc6 40. Qg4 Qxc3 41. Qf4 Ra7 42. Qb8 Qd2+ 43. Kg3 Qe1+ 44. Kf4 Qxb4+ 45. Ke3 Ra3+ 46. Kf2 Qd2+ 47. Kg3 Qe1+ 48. Kg4 Qxe6+ 49. Kg3 Qe1+ 50. Kf4 Ra4+ 51. Kg5 h6# 0-1

[Event "Wch U10 Girls"]
[Site "Batumi"]
[Date "2022.09.17"]
[Round "2"]
[White "Tripurambika, V."]
[Black "Torun, Selin"]
[Result "1-0"]
[WhiteElo "1183"]
[BlackElo "1156"]
[PlyCount "85"]
[EventDate "2022.09.16"]
[EventType "swiss"]
[EventRounds "11"]
[EventCountry "GEO"]
[SourceTitle "EXT 2023"]
[Source "ChessBase"]
[SourceDate "2022.10.05"]
[SourceVersion "1"]
[SourceVersionDate "2022.10.05"]
[SourceQuality "1"]

1. e4 e6 2. d4 d5 3. Nd2 c5 4. exd5 Qxd5 5. Ngf3 cxd4 6. Bc4 Qd6 7. 0-0 Nf6 8. Nb3 Nc6 9. Nbxd4 Nxd4 10. Nxd4 a6 11. Re1 Qc7 12. Bd3 Bd6 13. h3 0-0 14. c3 b6 15. Qc2 h6 16. Be4 Bb7 17. Bxb7 Qxb7 18. Be3 Rac8 19. Rad1 Qc7 20. Qd3 Nd5 21. Qe4 Rfe8 22. Qd3 Qb7 23. Qe4 f5 24. Nxf5 exf5 25. Qxd5+ Qxd5 26. Rxd5 Rcd8 27. Kf1 Bc7 28. Red1 Rxd5 29. Rxd5 f4 30. Bd4 b5 31. Rd7 Be5 32. Bxe5 Rxe5 33. Rd4 f3 34. gxf3 Kf7 35. Rd7+ Kg8 36. f4 Re6 37. Rd2 Re4 38. Rd6 Ra4 39. a3 a5 40. Rd5 b4 41. cxb4 axb4 42. Rd4 Kf7 43. Rxb4 1-0